000
00279nam a22001337a 4500
008
171222b xxu||||| |||| 00| 0 eng d
020
_a
0395488613
041
_a
eng
080
_a
37
100
_a
46
101
_a
EDU
245
_a
WITH TEST ITEMS
_c
ORNSTEIN
942
_2
udc
_c
BK
999
_c
39330
_d
39330